000 00491nam a22001697a 4500
003 NUST - PNEC
005 20170116180927.0
008 150905b xxu||||| |||| 00| 0 eng d
040 _cLIBRARY
082 _a621.31042 FIT
100 _97532
_aFitzgerald, A. E.
245 _aElectric machinery
_bthe Dynamics and statics of electromechanical energy conversion
_cA. E Fitzgerald
250 _a2nd ed.
260 _cc 1961
650 _91582
_aElectric machinery
_xME, IME
942 _2ddc
_cBK
999 _c65800
_d65800